000 00888nam a2200253Ia 4500
003 OSt
005 20220923222444.0
006 a|||||r|||| 00| 0
007 ta
008 220922b |||||||| |||| 00| 0 hin d
024 _a205,095
037 _cTextual
040 _aARTS
_cARTS
_bhin
041 _2hin
_ahin
082 _aO152,1M5:g, J9
100 _aचौधरी, सत्यदेव
_9156279
245 0 _aहिन्दी रीति-परम्पराओ के प्रमुख आचार्य
246 _aHindī rīti-paramparāo ke pramukh āchārya
260 _aइलाहाबाद
_b साहित्य भवन
_c1959
300 _a756पृ.
_ccm.
650 _aहिन्दी साहित्य
_9156264
942 _hO152,1M5:g, J9
_cTEXL
_2CC
999 _c355825
_d355825